Fr. Conceicao Rodrigues College of Engineering

Engineering Management (Record no. 28418)

MARC details
000 -LEADER
fixed length control field 00314nam a2200157Ia 4500
082 ## - DEWEY DECIMAL CLASSIFICATION NUMBER
Classification number 658
Item number MAZ
100 ## - MAIN ENTRY--PERSONAL NAME
Personal name Mazda/ Fraidoon
250 ## - EDITION STATEMENT
Edition statement 1
245 ## - TITLE STATEMENT
Title Engineering Management
260 ## - PUBLICATION, DISTRIBUTION, ETC.
Name of publisher, distributor, etc. Pearson Edu
Date of publication, distribution, etc. 2000
300 ## - PHYSICAL DESCRIPTION
Extent 658
546 ## - LANGUAGE NOTE
Language note ENGLISH
654 ## - SUBJECT ADDED ENTRY--FACETED TOPICAL TERMS
Focus term Engineering
942 ## - ADDED ENTRY ELEMENTS (KOHA)
Koha item type BOOK
Holdings
Withdrawn status Lost status Damaged status Not for loan Collection Home library Current library Date acquired Total Checkouts Full call number Barcode Date last seen Price effective from Koha item type
        CRC Fr. Agnel's C.Rodrigues College of Engineering Fr. Agnel's C.Rodrigues College of Engineering 17/03/2023   658 MAZ 12549 17/03/2023 17/03/2023 BOOK
        CRC Fr. Agnel's C.Rodrigues College of Engineering Fr. Agnel's C.Rodrigues College of Engineering 17/03/2023   658 MAZ 12550 17/03/2023 17/03/2023 BOOK